000 01408nam a2200265 i 4500
001 bg
245 0 0 _aProblemy transformacji struktur regionalnych w procesie zmian systemu gospodarowania i integracji europejskiej =
_bProblems of regional struktures [!] transformation in the process of european integration and changes in management system : materiały konferencji naukowej. Cz.1 /
_c[red. nauk. Zbigniew Zioło].
260 _aRzeszów :
_bWydaw. WSIiZ,
_c1998.
300 _a183 s. :
_bil. ;
_c24 cm.
490 1 _aZeszyty Naukowe / Wyższa Szkoła Informatyki i Zarządzania,
_x1429-5237 ;
_v4/1998
500 _aW nagł. odm. tyt. serii: Zeszyty Naukowe Wyższej Szkoły Informatyki i Zarządzania w Rzeszowie. - Streszcz. pol., ang. po rozdz.
504 _aBibliogr. po ref.
650 9 _aTransformacja systemu społeczno-gospodarczego
_zEuropa Środkowo-Wschodnia
_yod 1989 r.
650 9 _aGospodarka terenowa
650 9 _aRegionalizacja gospodarcza
_zEuropa Środkowo-Wschodnia
_yod 1989 r.
651 9 _aEuropa Środkowo-Wschodnia
_xgospodarka
_yod 1989 r.
655 _aMateriały konferencyjne
700 1 _aZIOŁO, Zbigniew.
_eRed.
830 0 _aZeszyty Naukowe (Wyższa Szkoła Informatyki i Zarządzania) ;
_v4/1998
040 _cBPK
041 0 _apol
_bpoleng
080 _a332.1](4-191.2-11)"1989/...":339.923(4-67)](061)
942 _cKS
008 s pl f |000 0 pol
999 _c42937
_d42937
856 _uhttp://koha.tu.koszalin.pl/cgi-bin/koha/opac-detail.pl?biblionumber=42937
_yKatalog online BPK